000 00657cam a2200205 i 4500
005 20251208100922.0
008 250721s2016 ua gr 000 0 ara d
020 _a9788778506150
082 1 4 _a215.17
_bط ي ب
100 1 _aالطيب، أحمد
_eمؤلف.
245 1 0 _aنظرات في فكر الإمام الأشعري /
_cاحمد الطيب.
250 _aالطبعة الثانية.
264 3 1 _aالقاهرة :
_bدار القدس العربي،
_c2016.
300 _a188 صفحة.
650 1 7 _aالسنيون.
650 1 7 _aعلم الكلام.
650 1 7 _aالاشاعرة.
942 _2ddc
_cBK
999 _c135455
_d135455